Top 100 Baby Girl Names in Spain for 2017 - Statistics

General Stats
  • This quiz has been taken 1,992 times
  • The average score is 47 of 100
Answer Stats
Answer % Correct
M Mar
97%
M María
95%
A Ana
88%
A Anna
88%
S Sofía
82%
S Sara
80%
L Lucía
79%
I Isabel
78%
J Julia
78%
L Laura
78%
O Olivia
75%
E Elena
73%
H Helena
73%
V Victoria
72%
P Paula
71%
D Daniela
67%
E Emma
67%
V Valeria
67%
C Carla
66%
C Carmen
64%
E Eva
62%
A Alicia
61%
M Marta
61%
C Clara
60%
N Natalia
60%
Z Zoe
59%
M Mía
58%
A Andrea
55%
G Gabriela
55%
V Valentina
55%
C Carolina
54%
C Cristina
54%
E Elisa
54%
L Lola
54%
D Diana
53%
I Irene
53%
L Luna
53%
M Martina
53%
A Alejandra
52%
M Marina
52%
C Chloe
50%
C Cloe
50%
L Lara
50%
A Adriana
49%
A Alba
49%
N Nora
49%
V Vera
49%
C Claudia
48%
I Inés
48%
C Carlota
46%
A Ángela
44%
N Nuria
44%
A Alma
42%
L Lía
41%
N Noa
40%
E Elsa
39%
F Fátima
39%
B Blanca
38%
N Nerea
38%
C Celia
37%
I Iris
37%
J Jimena
37%
M Manuela
37%
P Paola
37%
R Rocío
37%
A Aitana
36%
M Mara
35%
J Julieta
34%
A Aina
33%
A Ainhoa
33%
A Alexia
30%
A Ariadna
30%
V Vega
30%
L Laia
29%
N Nahia
29%
A Ainara
28%
J Jana
28%
L Leire
28%
L Leyre
28%
N Naia
28%
T Triana
28%
B Berta
27%
E Elia
27%
N Naiara
27%
A Abril
26%
G Gala
26%
I Iria
26%
O Ona
26%
S Salma
26%
C Candela
25%
C Cayetana
25%
A África
24%
I India
24%
A Amira
22%
A Aroa
22%
A Adara
20%
N Nour
19%
A Arlet
17%
A Aya
17%
M Malak
15%
No matching quizzes found
Score Distribution
Percent of People with Each Score
Percentile by Number Answered
Your Score History
You have not taken this quiz